[Event "Gatineau CEH 31 Aniv-B"]
[Site "Gatineau CAN"]
[Date "2010.09.28"]
[Round "3"]
[White "Jani, Louis"]
[Black "Arsenault, Yves"]
[Result "1/2-1/2"]
[WhiteElo "1390"]
[BlackElo "1506"]
[PlyCount "58"]
[EventDate "2010.09.14"]
[EventType "swiss"]
[EventRounds "5"]
[EventCountry "CAN"]
[Source "ChessBase"]
[SourceDate "2011.11.26"]

1. f4 Nf6 2. Nf3 d5 3. e3 Bg4 4. Be2 Nc6 5. O-O g6 6. d4 Bg7 7. c3 O-O 8. Nbd2
a6 9. Ne5 Bxe2 10. Qxe2 Nxe5 11. fxe5 Nd7 12. Qf3 e6 13. e4 c6 14. Qh3 Qe7 15.
exd5 cxd5 16. Nf3 f6 17. exf6 Bxf6 18. Bf4 Rae8 19. Rae1 Rf7 20. Qg3 Nf8 21.
Kh1 b5 22. Re2 Qd7 23. Qh3 Rfe7 24. Rfe1 a5 25. Bh6 e5 26. Qxd7 Nxd7 27. dxe5
Nxe5 28. Nxe5 Rxe5 29. Rxe5 Bxe5 1/2-1/2

[Event "Gatineau CEH 31 Aniv-B"]
[Site "Gatineau CAN"]
[Date "2010.09.28"]
[Round "3"]
[White "Jiang, Qizhe"]
[Black "Menard, Marc"]
[Result "0-1"]
[WhiteElo "1252"]
[BlackElo "1573"]
[PlyCount "96"]
[EventDate "2010.09.14"]
[EventType "swiss"]
[EventRounds "5"]
[EventCountry "CAN"]
[Source "ChessBase"]
[SourceDate "2011.11.26"]

1. e4 e5 2. Nf3 Nc6 3. Bc4 Nf6 4. Ng5 d5 5. exd5 Na5 6. Bb5+ c6 7. dxc6 bxc6 8.
Be2 h6 9. Nf3 e4 10. Ne5 Bd6 11. Nc4 Nxc4 12. Bxc4 Bg4 13. Be2 h5 14. Nc3 Qe7
15. h3 Bf5 16. O-O Rd8 17. d3 Qc7 18. Qe1 O-O 19. Bg5 exd3 20. Bxd3 Rfe8 21.
Qb1 Bxd3 22. cxd3 Be5 23. Ne4 Rd4 24. f4 Nxe4 25. dxe4 Bd6 26. e5 Bc5 27. Kh1
Qb6 28. b3 Rd2 29. Qe1 Be3 30. Rf3 f6 31. Rxe3 Qd4 32. Rb1 fxg5 33. fxg5 Rxa2
34. Re2 Rxe2 35. Qxe2 Qxe5 36. Qc4+ Qd5 37. Rc1 Qxc4 38. Rxc4 Re6 39. Ra4 Re3
40. b4 Re4 41. g3 c5 42. Rxa7 cxb4 43. Ra1 b3 44. Rb1 Re3 45. Kg2 Kf7 46. Rb2
Kg6 47. h4 Rc3 48. Kh3 Kf5 0-1

[Event "Gatineau CEH 31 Aniv-B"]
[Site "Gatineau CAN"]
[Date "2010.09.28"]
[Round "3"]
[White "Levesque, Andre"]
[Black "Farah, Liban"]
[Result "0-1"]
[WhiteElo "1367"]
[BlackElo "1604"]
[PlyCount "76"]
[EventDate "2010.09.14"]
[EventType "swiss"]
[EventRounds "5"]
[EventCountry "CAN"]
[Source "ChessBase"]
[SourceDate "2011.11.26"]

1. e4 e5 2. Nf3 Nf6 3. Nc3 Nc6 4. Bc4 Be7 5. Bb3 O-O 6. O-O d6 7. a3 Bg4 8. h3
Bh5 9. Ba2 Nd4 10. Re1 Qd7 11. d3 Bxf3 12. gxf3 Qxh3 13. Re3 Qh5 14. Nd5 Nxd5
15. exd5 Bg5 16. Kg2 Bxe3 17. Bxe3 Nf5 18. Bd2 Nh4+ 19. Kg3 f5 20. f4 exf4+ 21.
Bxf4 Qxd1 22. Rxd1 Ng6 23. Bd2 f4+ 24. Kf3 Rae8 25. b4 Ne5+ 26. Kg2 g5 27. d4
Ng6 28. c4 Kg7 29. c5 h5 30. b5 g4 31. a4 h4 32. a5 h3+ 33. Kh2 Re2 34. Kg1 Rh8
35. Bc4 h2+ 36. Kg2 Nh4+ 37. Kxh2 Nf3+ 38. Kg2 Rh2+ 0-1

[Event "Gatineau CEH 31 Aniv-B"]
[Site "Gatineau CAN"]
[Date "2010.09.28"]
[Round "3"]
[White "Van Dusen, Eric"]
[Black "Chartier, Anthony"]
[Result "1-0"]
[WhiteElo "1774"]
[BlackElo "1157"]
[PlyCount "43"]
[EventDate "2010.09.14"]
[EventType "swiss"]
[EventRounds "5"]
[EventCountry "CAN"]
[Source "ChessBase"]
[SourceDate "2011.11.26"]

1. d4 d5 2. c4 c6 3. Nf3 Bf5 4. cxd5 cxd5 5. Nc3 Nc6 6. Qb3 Na5 7. Qxd5 Qxd5 8.
Nxd5 Be4 9. Nc7+ Kd7 10. Nxa8 e6 11. Ne5+ Ke7 12. e3 Nf6 13. f3 Bc6 14. b4 Nd7
15. bxa5 Nxe5 16. dxe5 Kd7 17. Bd2 Be7 18. Nb6+ axb6 19. axb6 Bh4+ 20. g3 Bxf3
21. Bb5+ Kc8 22. O-O 1-0

[Event "Gatineau CEH 31 Aniv-B"]
[Site "Gatineau CAN"]
[Date "2010.10.05"]
[Round "4"]
[White "Beland, Guy"]
[Black "Berthiaume, Serge"]
[Result "0-1"]
[WhiteElo "1404"]
[BlackElo "1357"]
[PlyCount "49"]
[EventDate "2010.09.14"]
[EventType "swiss"]
[EventRounds "5"]
[EventCountry "CAN"]
[Source "ChessBase"]
[SourceDate "2011.11.26"]

1. e4 e6 2. d4 d5 3. Nc3 Bb4 4. Bd3 c5 5. Be3 c4 6. a3 Bxc3+ 7. bxc3 cxd3 8.
cxd3 Ne7 9. Nf3 Qc7 10. O-O Qxc3 11. Rc1 Qxa3 12. exd5 O-O 13. Nd2 Nxd5 14. Nc4
Qe7 15. Bd2 Nc6 16. Re1 Nxd4 17. Qg4 Nf5 18. Bg5 f6 19. Bd2 e5 20. Qh5 Nd4 21.
f4 Nb3 22. Kh1 Nxc1 23. Rxc1 Nxf4 24. Bxf4 exf4 25. Nd2 0-1

[Event "Gatineau CEH 31 Aniv-B"]
[Site "Gatineau CAN"]
[Date "2010.10.05"]
[Round "4"]
[White "Desjardins, Michel"]
[Black "Levesque, Andre"]
[Result "1-0"]
[WhiteElo "1969"]
[BlackElo "1367"]
[PlyCount "141"]
[EventDate "2010.09.14"]
[EventType "swiss"]
[EventRounds "5"]
[EventCountry "CAN"]
[Source "ChessBase"]
[SourceDate "2011.11.26"]

1. e4 c5 2. Nc3 Nc6 3. g3 g6 4. Bg2 Bg7 5. d3 Nf6 6. Be3 d6 7. h3 O-O 8. Qd2
Bd7 9. Nge2 Re8 10. O-O Qb6 11. Rab1 Rac8 12. a3 Nd4 13. Nf4 e5 14. Nfd5 Nxd5
15. Nxd5 Qd8 16. f4 Bh6 17. fxe5 Bxe3+ 18. Qxe3 dxe5 19. Nf6+ Kg7 20. Nxe8+
Qxe8 21. Rf2 Qe7 22. Rbf1 f5 23. exf5 Nxf5 24. Qf3 Bc6 25. Qg4 Bxg2 26. Rxg2
Rf8 27. Qe4 Nd6 28. Qe2 Rxf1+ 29. Kxf1 Nf5 30. Kg1 Nd4 31. Qe4 Nf5 32. Re2 Nd4
33. Rf2 Nf5 34. Kg2 b5 35. c3 a5 36. Re2 Kf6 37. Qc6+ Kg7 38. Qxb5 Qg5 39. Qb7+
Kh6 40. g4 Nh4+ 41. Kf1 Qf4+ 42. Rf2 Qc1+ 43. Ke2 Qc2+ 44. Ke3 Qc1+ 45. Rd2
Qe1+ 46. Re2 Qg1+ 47. Kd2 Qg3 48. Qh1 Qf4+ 49. Kc2 Qa4+ 50. Kb1 Qf4 51. Kc2
Qa4+ 52. Kb1 Qf4 53. Qc1 Nf3 54. Rf2 Qxc1+ 55. Kxc1 Ng5 56. b4 Ne6 57. h4 cxb4
58. cxb4 axb4 59. axb4 Nd4 60. Kb2 Nb5 61. Kb3 Nd4+ 62. Kc4 Kg7 63. Kd5 h6 64.
Kxe5 Nc6+ 65. Ke6 Nd4+ 66. Kd5 Nb5 67. Kc5 Nc3 68. b5 Na4+ 69. Kc6 Nc3 70. b6
Nd1 71. Rf3 1-0

[Event "Gatineau CEH 31 Aniv-B"]
[Site "Gatineau CAN"]
[Date "2010.10.05"]
[Round "4"]
[White "Farah, Liban"]
[Black "Arsenault, Yves"]
[Result "1-0"]
[WhiteElo "1604"]
[BlackElo "1506"]
[PlyCount "61"]
[EventDate "2010.09.14"]
[EventType "swiss"]
[EventRounds "5"]
[EventCountry "CAN"]
[Source "ChessBase"]
[SourceDate "2011.11.26"]

1. e4 c5 2. Nf3 Nc6 3. d4 cxd4 4. Nxd4 Nf6 5. Nc3 e6 6. a3 Be7 7. Bc4 O-O 8.
O-O a6 9. Kh1 d5 10. exd5 exd5 11. Be2 Ne5 12. f4 Nc6 13. Bf3 Nxd4 14. Qxd4 Be6
15. g3 Rc8 16. b3 Rc7 17. Bb2 Bc5 18. Qd1 Rd7 19. Na4 Ba7 20. Bd4 Bxd4 21. Qxd4
Qc8 22. Nb6 Qc7 23. Nxd7 Bxd7 24. Rac1 Ne4 25. c4 Nd6 26. Bxd5 Nf5 27. Qc3 Bc6
28. Rfe1 Bxd5+ 29. cxd5 Qb6 30. Qc5 Qxb3 31. Qxf8+ 1-0

[Event "Gatineau CEH 31 Aniv-B"]
[Site "Gatineau CAN"]
[Date "2010.10.05"]
[Round "4"]
[White "Farah, Liban"]
[Black "Dagenais, Benoit"]
[Result "0-1"]
[WhiteElo "1604"]
[BlackElo "1612"]
[PlyCount "66"]
[EventDate "2010.09.14"]
[EventType "swiss"]
[EventRounds "5"]
[EventCountry "CAN"]
[Source "ChessBase"]
[SourceDate "2011.11.26"]

1. e4 Nf6 2. e5 Nd5 3. Nf3 c5 4. Nc3 Nxc3 5. bxc3 g6 6. d4 Bg7 7. Bd3 Nc6 8.
O-O O-O 9. Be3 d6 10. exd6 exd6 11. h3 Qa5 12. Rb1 cxd4 13. cxd4 Qxa2 14. Qd2
Qa5 15. c3 Qc7 16. Ng5 Ne7 17. f4 Nd5 18. c4 Nxe3 19. Qxe3 f5 20. d5 Bd7 21.
Rfe1 Rfe8 22. Qf2 Rxe1+ 23. Qxe1 Re8 24. Qf2 b6 25. Nf3 Qc5 26. Qxc5 dxc5 27.
Kf2 Kf7 28. Re1 Rxe1 29. Kxe1 Ke7 30. Kd2 a5 31. Ne5 Be8 32. Bc2 Kd6 33. Nd3 g5
0-1

[Event "Gatineau CEH 31 Aniv-B"]
[Site "Gatineau CAN"]
[Date "2010.10.05"]
[Round "4"]
[White "Lavergne, Daniel"]
[Black "Beland, Guy"]
[Result "1-0"]
[WhiteElo "1632"]
[BlackElo "1404"]
[PlyCount "94"]
[EventDate "2010.09.14"]
[EventType "swiss"]
[EventRounds "5"]
[EventCountry "CAN"]
[Source "ChessBase"]
[SourceDate "2011.11.26"]

1. e4 e5 2. Nf3 Nc6 3. Bb5 a6 4. Ba4 Nf6 5. O-O d6 6. c3 Be7 7. d4 exd4 8. cxd4
O-O 9. Nc3 b5 10. Bc2 Bg4 11. Be3 Nb4 12. Bb3 c5 13. Qe2 c4 14. Bd1 Re8 15. Bf4
Nd3 16. Qd2 Nh5 17. Bg3 Bf6 18. h3 Bxf3 19. Bxf3 Nxg3 20. fxg3 Bxd4+ 21. Kh2 b4
22. Nd5 Bxb2 23. Rab1 Be5 24. Ne3 Bc3 25. Qc2 Rc8 26. Nxc4 Rxc4 27. Qxd3 Qc7
28. Rbd1 Bd4 29. Qb3 Re7 30. Be2 Rc3 31. Qd5 Be5 32. Rf3 g6 33. h4 Rc5 34. Qa8+
Kg7 35. Qxa6 d5 36. exd5 Bd6 37. Qd3 Rc3 38. Qd4+ Be5 39. Rxc3 Qxc3 40. Qxc3
Bxc3 41. Bc4 Re4 42. Bb3 Rd4 43. Rf1 f5 44. Rf3 Kf6 45. a4 bxa3 46. Rxc3 Ke5
47. Ba2 Rd2 1-0

[Event "Gatineau CEH 31 Aniv-B"]
[Site "Gatineau CAN"]
[Date "2010.10.05"]
[Round "4"]
[White "Menard, Marc"]
[Black "Morel, Joseph"]
[Result "1/2-1/2"]
[WhiteElo "1573"]
[BlackElo "1367"]
[PlyCount "125"]
[EventDate "2010.09.14"]
[EventType "swiss"]
[EventRounds "5"]
[EventCountry "CAN"]
[Source "ChessBase"]
[SourceDate "2011.11.26"]

1. e4 e6 2. d4 d5 3. Nc3 dxe4 4. Nxe4 Nf6 5. Bg5 Be7 6. Bd3 Nbd7 7. Nf3 O-O 8.
O-O Nxe4 9. Bxe7 Qxe7 10. Bxe4 Nf6 11. Re1 Nxe4 12. Rxe4 b6 13. d5 Bb7 14. c4
Qf6 15. Re5 exd5 16. cxd5 Rfe8 17. Rxe8+ Rxe8 18. Qa4 Rd8 19. Re1 g6 20. Qxa7
Bxd5 21. Qxc7 Bxa2 22. b4 b5 23. Qa5 Bc4 24. h3 Kg7 25. Ne5 Re8 26. Qc7 Qe6 27.
Re3 Rc8 28. Qb7 Qf5 29. Nxc4 bxc4 30. Rc3 Qe6 31. Re3 Qc6 32. Qxc6 Rxc6 33. b5
Rb6 34. Rc3 Rxb5 35. Rxc4 h5 36. h4 Rb7 37. f4 Kf6 38. Kf2 Kf5 39. g3 Kg4 40.
Re4 Rb2+ 41. Ke3 Kxg3 42. Re7 Rb3+ 43. Ke2 Rf3 44. Rxf7 Rxf4 45. Rg7 Rf6 46.
Ke3 Kxh4 47. Ke4 Kg4 48. Ke5 Ra6 49. Rd7 h4 50. Rd4+ Kg3 51. Rd3+ Kg2 52. Rd2+
Kf3 53. Rd3+ Ke2 54. Rh3 g5 55. Kf5 Ra5+ 56. Kg4 Kf2 57. Rh2+ Kg1 58. Rh3 Kg2
59. Rb3 Ra4+ 60. Kxg5 h3 61. Rb2+ Kg3 62. Rb3+ Kg2 63. Rb2+ 1/2-1/2

[Event "Gatineau CEH 31 Aniv-B"]
[Site "Gatineau CAN"]
[Date "2010.10.05"]
[Round "4"]
[White "Van Dusen, Eric"]
[Black "Cossette, Daniel"]
[Result "0-1"]
[WhiteElo "1774"]
[BlackElo "2010"]
[PlyCount "86"]
[EventDate "2010.09.14"]
[EventType "swiss"]
[EventRounds "5"]
[EventCountry "CAN"]
[Source "ChessBase"]
[SourceDate "2011.11.26"]

1. d4 d5 2. c4 e6 3. Nc3 c5 4. g3 Nc6 5. Nf3 Nf6 6. Bg2 Be7 7. O-O O-O 8. cxd5
exd5 9. Bg5 c4 10. Qb1 Be6 11. e3 h6 12. Bxf6 Bxf6 13. b3 Qa5 14. Rc1 b5 15.
bxc4 bxc4 16. Qb5 Qxb5 17. Nxb5 Rab8 18. Nc3 Be7 19. Ne1 Ba3 20. Nxd5 Bxc1 21.
Rxc1 Bxd5 22. Bxd5 Na5 23. Nf3 Rb2 24. Ne5 Rxa2 25. Rb1 Rc8 26. Bxf7+ Kf8 27.
Be6 Rd8 28. Ng6+ Ke8 29. d5 c3 30. d6 c2 31. d7+ Rxd7 32. Bxd7+ Kxd7 33. Rc1
Kd6 34. Nf4 Nb3 35. Nd3 a5 36. e4 Ra1 37. Rxa1 Nxa1 38. e5+ Ke6 39. Kf1 Nb3 40.
Ke1 a4 41. f4 a3 42. Nc1 Nxc1 43. Kd2 a2 0-1

[Event "Gatineau CEH 31 Aniv-B"]
[Site "Gatineau CAN"]
[Date "2010.10.12"]
[Round "5"]
[White "Arsenault, Yves"]
[Black "Desjardins, Michel"]
[Result "0-1"]
[WhiteElo "1506"]
[BlackElo "1969"]
[PlyCount "104"]
[EventDate "2010.09.14"]
[EventType "swiss"]
[EventRounds "5"]
[EventCountry "CAN"]
[Source "ChessBase"]
[SourceDate "2011.11.26"]

1. e4 d5 2. exd5 Qxd5 3. Nc3 Qd6 4. d4 Nf6 5. Nf3 a6 6. h3 b5 7. Be2 Bb7 8. O-O
e6 9. Bg5 Nbd7 10. Re1 Be7 11. Qd2 b4 12. Na4 Qc6 13. b3 Ne4 14. d5 Qxd5 15.
Qxd5 Bxd5 16. Bf4 Bd6 17. Bxd6 cxd6 18. Rad1 O-O 19. Bd3 Nec5 20. Nxc5 Nxc5 21.
Nd4 Rfc8 22. Re3 g6 23. Be2 Ne4 24. Bf3 Nc3 25. Ra1 Bxf3 26. Nxf3 Nb5 27. Re2
Rc3 28. Rc1 Rac8 29. Kf1 Na3 30. Ne1 d5 31. Rd2 Kf8 32. Ke2 Ke7 33. Kd1 a5 34.
Nf3 Nb5 35. Ng1 R3c5 36. Ne2 e5 37. f3 Ke6 38. g4 f6 39. h4 d4 40. f4 R8c7 41.
Rd3 Nd6 42. fxe5 fxe5 43. Ng3 Rc3 44. Ne2 R3c5 45. Ng3 Kd5 46. Ne2 Ne4 47. Rf3
Nc3+ 48. Nxc3+ Rxc3 49. Rf8 Rh3 50. Rd8+ Ke4 51. Ra8 Ke3 52. c4 Kd3 0-1

[Event "Gatineau CEH 31 Aniv-B"]
[Site "Gatineau CAN"]
[Date "2010.10.12"]
[Round "5"]
[White "Cossette, Daniel"]
[Black "MacIsaac, Alexandre"]
[Result "0-1"]
[WhiteElo "2010"]
[BlackElo "1675"]
[PlyCount "118"]
[EventDate "2010.09.14"]
[EventType "swiss"]
[EventRounds "5"]
[EventCountry "CAN"]
[Source "ChessBase"]
[SourceDate "2011.11.26"]

1. e4 c5 2. Nf3 e6 3. d4 cxd4 4. c3 dxc3 5. Nxc3 Nc6 6. Bf4 Bb4 7. Bd3 Nge7 8.
O-O Bxc3 9. bxc3 d5 10. e5 Ng6 11. Bg3 O-O 12. h4 f5 13. exf6 Qxf6 14. h5 Nf4
15. Bxf4 Qxf4 16. Qc2 h6 17. Rfe1 e5 18. Bh7+ Kh8 19. Nh2 Bf5 20. Bxf5 Qxf5 21.
Qxf5 Rxf5 22. Rab1 b6 23. Rb5 e4 24. c4 Rxh5 25. cxd5 Nd4 26. Rb2 Re8 27. Rd2
Rxd5 28. Kf1 Rh5 29. Rxd4 Rxh2 30. Rexe4 Rxe4 31. Rxe4 Rh1+ 32. Ke2 Rb1 33. Ra4
a5 34. Kd3 Rb2 35. Ke3 Kg8 36. g3 Kf7 37. f4 Ke6 38. g4 g6 39. a3 Rb3+ 40. Ke4
Rg3 41. f5+ gxf5+ 42. gxf5+ Kf6 43. Kf4 Rg5 44. Rc4 Rxf5+ 45. Kg4 Rc5 46. Rd4
Ke5 47. Rd3 h5+ 48. Kh4 b5 49. Rd8 Ke4 50. Ra8 b4 51. axb4 axb4 52. Rb8 Rc4 53.
Kxh5 Kd3 54. Kg5 Kc2 55. Rh8 Rd4 56. Kf5 b3 57. Ke5 Rd3 58. Ke4 b2 59. Rc8+ Rc3
0-1

[Event "Gatineau CEH 31 Aniv-B"]
[Site "Gatineau CAN"]
[Date "2010.10.12"]
[Round "5"]
[White "Jiang, Qizhe"]
[Black "Beland, Guy"]
[Result "1/2-1/2"]
[WhiteElo "1252"]
[BlackElo "1404"]
[PlyCount "57"]
[EventDate "2010.09.14"]
[EventType "swiss"]
[EventRounds "5"]
[EventCountry "CAN"]
[Source "ChessBase"]
[SourceDate "2011.11.26"]

1. e4 e5 2. Nf3 Nc6 3. Bc4 Bc5 4. c3 Nf6 5. d4 exd4 6. cxd4 Bb6 7. Nc3 d6 8.
O-O O-O 9. b3 Qd7 10. Re1 Na5 11. Bb5 c6 12. Bd3 c5 13. e5 dxe5 14. dxe5 Ne8
15. Ng5 g6 16. Bb5 Qxd1 17. Rxd1 Be6 18. Nxe6 fxe6 19. Ne4 Nc6 20. Nd6 Rd8 21.
Bh6 Ng7 22. Nxb7 Nxe5 23. Nxd8 Bxd8 24. Bd7 Kf7 25. Rd6 Rg8 26. Bxg7 Kxg7 27.
Bxe6 Bc7 28. Rd7+ Nxd7 29. Bxd7 1/2-1/2

[Event "Gatineau CEH 31 Aniv-B"]
[Site "Gatineau CAN"]
[Date "2010.10.12"]
[Round "5"]
[White "Lavergne, Daniel"]
[Black "Berthiaume, Serge"]
[Result "1-0"]
[WhiteElo "1632"]
[BlackElo "1357"]
[PlyCount "127"]
[EventDate "2010.09.14"]
[EventType "swiss"]
[EventRounds "5"]
[EventCountry "CAN"]
[Source "ChessBase"]
[SourceDate "2011.11.26"]

1. d4 Nf6 2. c4 g6 3. Nc3 Bg7 4. e4 O-O 5. e5 Ne8 6. f4 d6 7. Nf3 b6 8. Bd3
dxe5 9. fxe5 Bb7 10. Ne2 e6 11. Bf4 Na6 12. Qb3 c5 13. Rc1 cxd4 14. O-O Nc5 15.
Qc2 Nxd3 16. Qxd3 Nc7 17. Qxd4 Qxd4+ 18. Nexd4 Rad8 19. Bg3 Na6 20. Nb5 Nc5 21.
Nd6 Rd7 22. Nxb7 Rxb7 23. Rfd1 Bh6 24. Rc3 Ne4 25. Rcd3 Nxg3 26. hxg3 Rc7 27.
b3 Rfc8 28. a3 Kf8 29. Kf2 Ke8 30. Rh1 Bf8 31. Rxh7 Bxa3 32. Ng5 Bb2 33. Rf3
Bxe5 34. Nxf7 Bd4+ 35. Ke2 Bc5 36. Rh8+ Ke7 37. Rxc8 Rxc8 38. Ne5 Rg8 39. Rd3
g5 40. Nc6+ Kf6 41. Rf3+ Kg6 42. g4 Rf8 43. Rxf8 Bxf8 44. Nxa7 Kf6 45. Kd3 Bc5
46. Ke4 Bd6 47. Nc6 Bf4 48. b4 Bd6 49. b5 Bc5 50. Ne5 Ke7 51. Nd3 Kd6 52. Nxc5
Kxc5 53. Ke5 Kxc4 54. Kxe6 Kxb5 55. Kf5 Kc4 56. Kxg5 b5 57. Kf6 b4 58. g5 b3
59. g6 b2 60. g7 b1=Q 61. g8=Q+ Kd4 62. Qg4+ Kc5 63. Qf5+ Qxf5+ 64. Kxf5 1-0

[Event "Gatineau CEH 31 Aniv-B"]
[Site "Gatineau CAN"]
[Date "2010.10.12"]
[Round "5"]
[White "Levesque, Andre"]
[Black "Arsenault, Michel"]
[Result "0-1"]
[WhiteElo "1367"]
[BlackElo "1789"]
[PlyCount "68"]
[EventDate "2010.09.14"]
[EventType "swiss"]
[EventRounds "5"]
[EventCountry "CAN"]
[Source "ChessBase"]
[SourceDate "2011.11.26"]

1. e4 c5 2. Nc3 Nc6 3. d3 g6 4. g3 Bg7 5. Bg2 d6 6. f4 e6 7. Nf3 Nge7 8. O-O
O-O 9. Qe1 Rb8 10. Rb1 b5 11. a3 a5 12. Ne2 b4 13. axb4 axb4 14. Be3 e5 15. h3
exf4 16. Bxf4 Be6 17. b3 Ra8 18. g4 Qd7 19. Ng5 Ra2 20. Qh4 h6 21. Nxe6 Qxe6
22. Bxh6 Rxc2 23. Bxg7 Kxg7 24. Nf4 Qe5 25. Nd5 Nxd5 26. exd5 Nd4 27. Rbe1 Re2
28. Rxe2 Nxe2+ 29. Kh1 Ng3+ 30. Kg1 Nxf1 31. Kxf1 Ra8 32. Be4 Qf4+ 33. Kg2 Ra2+
34. Kg1 Qc1+ 0-1

[Event "Gatineau CEH op"]
[Site "Gatineau CAN"]
[Date "2010.01.12"]
[Round "1"]
[White "Arsenault, Michel"]
[Black "Levesque, Andre"]
[Result "1-0"]
[WhiteElo "1889"]
[BlackElo "1346"]
[PlyCount "71"]
[EventDate "2010.01.12"]
[EventType "swiss"]
[EventRounds "7"]
[EventCountry "CAN"]
[Source "ChessBase"]
[SourceDate "2011.11.26"]

1. c4 e6 2. g3 Nf6 3. Bg2 Be7 4. Nf3 d6 5. O-O O-O 6. b3 Nc6 7. Bb2 Rb8 8. d3
Bd7 9. Nbd2 a6 10. Qc2 b5 11. Rad1 Qe8 12. h3 bxc4 13. dxc4 Nb4 14. Qb1 c5 15.
e4 e5 16. Ne1 Nc6 17. Nd3 Nd4 18. Kh2 a5 19. f4 exf4 20. gxf4 Rc8 21. Bxd4 cxd4
22. Qb2 Bd8 23. Qxd4 Bc7 24. Rde1 Rd8 25. Nb1 Bc6 26. Nc3 d5 27. cxd5 Qd7 28.
Ne5 Bxe5 29. fxe5 Qc7 30. d6 Qb8 31. exf6 Rxd6 32. Qe5 gxf6 33. Qf4 f5 34. e5
Bxg2 35. exd6 f6 36. Rg1 1-0

[Event "Gatineau CEH op"]
[Site "Gatineau CAN"]
[Date "2010.01.12"]
[Round "1"]
[White "Beland, Guy"]
[Black "Desjardins, Michel"]
[Result "0-1"]
[WhiteElo "1408"]
[BlackElo "1959"]
[PlyCount "74"]
[EventDate "2010.01.12"]
[EventType "swiss"]
[EventRounds "7"]
[EventCountry "CAN"]
[Source "ChessBase"]
[SourceDate "2011.11.26"]

1. e4 d5 2. exd5 Qxd5 3. Nc3 Qd6 4. d4 Nf6 5. Be2 Nc6 6. Nf3 a6 7. a3 Bf5 8. b4
e5 9. O-O Nxd4 10. Nxd4 Qxd4 11. Bb2 O-O-O 12. Qc1 Qd2 13. Na4 Qxe2 14. Re1 Qd2
15. Bxe5 Qxc1 16. Raxc1 Bd6 17. c4 Bxe5 18. Rxe5 Bc2 19. Nc3 Rd2 20. Rce1 Rhd8
21. a4 Bb3 22. b5 Bxc4 23. bxa6 Bxa6 24. h3 Rc2 25. Nb5 Bxb5 26. axb5 Rcd2 27.
Kh2 Rxf2 28. b6 cxb6 29. Ra1 Kb8 30. Re7 Rd7 31. Re3 Rdd2 32. Rg3 Nh5 33. Rg4
f5 34. Rg5 Nf4 35. Rxg7 Rxg2+ 36. Rxg2 Rxg2+ 37. Kh1 Rg3 0-1

[Event "Gatineau CEH op"]
[Site "Gatineau CAN"]
[Date "2010.01.12"]
[Round "1"]
[White "Berthiaume, Patrick"]
[Black "Scantland, Patrick"]
[Result "0-1"]
[WhiteElo "1256"]
[BlackElo "1759"]
[PlyCount "100"]
[EventDate "2010.01.12"]
[EventType "swiss"]
[EventRounds "7"]
[EventCountry "CAN"]
[Source "ChessBase"]
[SourceDate "2011.11.26"]

1. e4 c5 2. Nf3 d6 3. d4 cxd4 4. Nxd4 Nf6 5. Nc3 a6 6. Be2 e5 7. Nb3 Be7 8. O-O
O-O 9. Be3 Be6 10. f3 b5 11. a3 Nbd7 12. Qd2 Rc8 13. Rfd1 Nb6 14. Bxb6 Qxb6+
15. Kh1 Rfd8 16. a4 b4 17. Nd5 Nxd5 18. exd5 Bf5 19. a5 Qb7 20. Bd3 Bd7 21. Be2
f5 22. Nc1 Bf6 23. b3 Re8 24. Na2 Rb8 25. Bc4 e4 26. Rac1 exf3 27. gxf3 Bd8 28.
Qf4 Re5 29. Bd3 Bxa5 30. Re1 Rbe8 31. Rxe5 Rxe5 32. Kg2 Bc8 33. Qc4 Kf8 34. f4
Qxd5+ 35. Qxd5 Rxd5 36. Kf3 Bb7 37. Ke3 Bb6+ 38. Kd2 a5 39. Re1 Ba6 40. Nc1
Bxd3 41. Nxd3 Kf7 42. h4 Bd4 43. Re2 Bc3+ 44. Ke3 a4 45. bxa4 Ra5 46. Nc1 Rxa4
47. Kd3 Ra1 48. Nb3 Rh1 49. Kc4 Rxh4 50. Rf2 g5 0-1

[Event "Gatineau CEH op"]
[Site "Gatineau CAN"]
[Date "2010.01.12"]
[Round "1"]
[White "Berthiaume, Serge"]
[Black "Laurin, Jacques"]
[Result "0-1"]
[WhiteElo "1350"]
[BlackElo "1929"]
[PlyCount "54"]
[EventDate "2010.01.12"]
[EventType "swiss"]
[EventRounds "7"]
[EventCountry "CAN"]
[Source "ChessBase"]
[SourceDate "2011.11.26"]

1. d4 Nf6 2. Nf3 d6 3. Bg5 Ne4 4. Bf4 g6 5. Nbd2 Nf6 6. e4 Nh5 7. Be3 Bg7 8.
Bd3 O-O 9. c3 Nc6 10. Nb3 f5 11. Bc4+ e6 12. exf5 d5 13. Bd3 exf5 14. O-O Qd6
15. Re1 f4 16. Bd2 Bf5 17. Bxf5 Rxf5 18. g4 fxg3 19. hxg3 Nxg3 20. Kg2 Ne4 21.
Nc5 Nxc5 22. dxc5 Qxc5 23. Be3 Qd6 24. Nd4 Nxd4 25. Bxd4 Rg5+ 26. Kf1 Qh2 27.
Re7 Rg1+ 0-1

[Event "Gatineau CEH op"]
[Site "Gatineau CAN"]
[Date "2010.01.12"]
[Round "1"]
[White "Carriere, Stephen"]
[Black "Rose, Richard"]
[Result "0-1"]
[WhiteElo "1226"]
[BlackElo "1862"]
[PlyCount "54"]
[EventDate "2010.01.12"]
[EventType "swiss"]
[EventRounds "7"]
[EventCountry "CAN"]
[Source "ChessBase"]
[SourceDate "2011.11.26"]

1. e4 c5 2. Nf3 Nc6 3. d4 cxd4 4. Nxd4 d6 5. Bb5 Bd7 6. O-O g6 7. Nc3 Bg7 8.
Be3 Nf6 9. Qd2 O-O 10. Rad1 Ng4 11. f4 Nxe3 12. Qxe3 Nxd4 13. Rxd4 Qb6 14. e5
Bxb5 15. Nd5 Qd8 16. c4 Bc6 17. g4 Bxd5 18. Rxd5 Qc7 19. b3 dxe5 20. fxe5 e6
21. Rd6 b6 22. h4 Qc5 23. Rd4 Rad8 24. Rfd1 Rxd4 25. Rxd4 Bxe5 26. Re4 Qxe3+
27. Rxe3 Bd4 0-1

[Event "Gatineau CEH op"]
[Site "Gatineau CAN"]
[Date "2010.01.12"]
[Round "1"]
[White "Cossette, Daniel"]
[Black "Lavergne, Daniel"]
[Result "1-0"]
[WhiteElo "2020"]
[BlackElo "1539"]
[PlyCount "111"]
[EventDate "2010.01.12"]
[EventType "swiss"]
[EventRounds "7"]
[EventCountry "CAN"]
[Source "ChessBase"]
[SourceDate "2011.11.26"]

1. e4 e5 2. Nf3 d6 3. d4 Nd7 4. Nc3 Ngf6 5. Bc4 Be7 6. Bg5 c6 7. a4 O-O 8. h3
Qc7 9. Qd2 exd4 10. Nxd4 Nb6 11. Bb3 a5 12. O-O Ne8 13. Bxe7 Qxe7 14. Rad1 Bd7
15. Rfe1 c5 16. Ndb5 c4 17. Ba2 Bxb5 18. axb5 Qc7 19. Nd5 Nxd5 20. Qxd5 c3 21.
bxc3 Rd8 22. c4 b6 23. Rd3 Rd7 24. Red1 Nf6 25. Qf5 Re7 26. f3 Re5 27. Qf4 Qc5+
28. Qe3 Rc8 29. Qxc5 dxc5 30. Rd6 Re6 31. Rxe6 fxe6 32. Rd6 Kf7 33. Rxb6 Rd8
34. Ra6 Rd2 35. Rxa5 Rxc2 36. Bb3 Rb2 37. Ra7+ Kf8 38. Ba4 Rb4 39. b6 Rxb6 40.
Bb5 Rd6 41. Rc7 Rd2 42. Rxc5 Ke7 43. Rc7+ Nd7 44. Bxd7 Rxd7 45. Rxd7+ Kxd7 46.
Kf2 Kd6 47. Ke3 e5 48. g3 Kc5 49. Kd3 g5 50. Kc3 h5 51. h4 gxh4 52. gxh4 Kb6
53. Kb4 Kc6 54. c5 Kc7 55. Kb5 Kb7 56. c6+ 1-0

[Event "Gatineau CEH op"]
[Site "Gatineau CAN"]
[Date "2010.01.12"]
[Round "1"]
[White "Gagnon, Fabien"]
[Black "Sabourin, Yves"]
[Result "1/2-1/2"]
[WhiteElo "1942"]
[BlackElo "1387"]
[PlyCount "77"]
[EventDate "2010.01.12"]
[EventType "swiss"]
[EventRounds "7"]
[EventCountry "CAN"]
[Source "ChessBase"]
[SourceDate "2011.11.26"]

1. Nf3 d5 2. c4 c6 3. d4 Bg4 4. Ne5 Bh5 5. cxd5 Qxd5 6. Nc3 Qd8 7. g3 Nd7 8.
Nd3 e6 9. Bg2 Bd6 10. O-O Ngf6 11. b4 Nd5 12. Ne4 Be7 13. Bd2 O-O 14. Rb1 Bg6
15. Qb3 N7f6 16. Nxf6+ Nxf6 17. Be3 Ng4 18. Rbc1 Nxe3 19. fxe3 Rb8 20. Ne5 Qd6
21. b5 cxb5 22. Qxb5 Rfd8 23. Rc3 Qb4 24. Qxb4 Bxb4 25. Rc7 Bd6 26. Rxb7 Rxb7
27. Bxb7 Bxe5 28. dxe5 Rd2 29. Rc1 h6 30. a3 Rxe2 31. Rc3 Rc2 32. Rxc2 Bxc2 33.
Kf2 Kf8 34. e4 Ba4 35. Ke3 Ke7 36. Kd4 Kd7 37. Ba6 Kc6 38. Be2 Kb6 39. Bh5
1/2-1/2